Statystyki dla 20 Największych wysp świata

Kliknij tutaj aby rozwiązać quiz!

Ogólne statystyki

  • Ten quiz został rozwiązany 1 387 razy
  • Średni wynik to 6 z 20

Statystyki odpowiedzi

Wyspa% Poprawnych
Grenlandia
88%
Madagaskar
76%
Wielka Brytania
65%
Islandia
63%
Irlandia
54%
Kuba
53%
Borneo
38%
Jawa
33%
Honsiu
29%
Sumatra
28%
Nowa Gwinea
26%
Wyspa Północna (Nowa Zelandia)
16%
Wyspa Południowa (Nowa Zelandia)
16%
Celebes
13%
Ziemia Baffina
10%
Luzon
9%
Nowa Fundlandia
6%
Wyspa Wiktorii
6%
Mindanao
5%
Wyspa Ellesmere'a
3%

Rozkład punktacji

Percentyl według liczby udzielonych odpowiedzi

Procent ludzi z każdym wynikiem

Twoja historia wyników

Nie rozwiązałeś tego quizu